| 000 -CABECERA |
| Longitud fija campo de control |
01043nam a2200229 i 4500 |
| 001 - NÚMERO DE CONTROL |
| Número de control |
991058478168306706 |
| 003 - IDENTIFICADOR DEL NÚMERO DE CONTROL |
| Identificador del número de control |
OSt |
| 005 - FECHA Y HORA DE LA ÚLTIMA TRANSACCIÓN |
| Fecha y hora de la última transacción |
20241107164457.0 |
| 006 - CÓDIGOS DE INFORMACIÓN DE LONGITUD FIJA - CARACTERÍSTICAS DEL MATERIAL ADICIONAL |
| Códigos de información de longitud fija - Caracter&íacute;sticas del material adicional |
m o d | |
| 007 - CAMPO FIJO DE DESCRIPCIÓN FÍSICA |
| Campo fijo de descripción f&íacute;sica |
cr ||||||||||| |
| 008 - CÓDIGOS DE INFORMACIÓN DE LONGITUD FIJA |
| Códigos de información de longitud fija |
201029s2019 sp a ob 000 0 spa d |
| 040 ## - FUENTE DE LA CATALOGACIÓN |
| Centro catalogador de origen |
CDMR |
| Centro transcriptor |
CDMR |
| Lengua de catalogación |
cat |
| 110 2# - PUNTO DE ACCESO PRINCIPAL-NOMBRE DE ENTIDAD CORPORATIVA |
| 9 (RLIN) |
3210 |
| Nombre de entidad corporativa o nombre de jurisdicción como elemento inicial |
Universitat Pompeu Fabra |
| Unidad subordinada |
-- Grup de Recerca en Comunicació Política, Periodisme i Democràcia (POLCOM-GRP) |
| 245 10 - MENCIÓN DE TÍTULO |
| Título |
Periodisme i política durant la Transició |
| Resto del título |
: Antonio Franco i la direcció de diaris : seminari |
| Mención de responsabilidad, etc. |
/ Grup de Recerca en Comunicació Política, Periodisme i Democràcia (POLCOM-GRP) |
| 260 ## - PUBLICACIÓN, DISTRIBUCIÓN, ETC. (PIE DE IMPRENTA) |
| Lugar de publicación, distribución, etc. |
Barcelona |
| Nombre del editor, distribuidor, etc. |
: Universitat Pompeu Fabra, |
| Fecha de publicación, distribución, etc. |
2024 |
| 300 ## - DESCRIPCIÓN FÍSICA |
| Extensión |
1 recurs electrònic (40 pàgines) |
| 505 ## - NOTA DE CONTENIDO CON FORMATO |
| Nota de contenido con formato |
Resultat del seminari celebrat el 22 de gener de 2024 a la Facultat de Comunicació de la UPF |
| 600 10 - PUNTO DE ACCESO ADICIONAL DE MATERIA - NOMBRE DE PERSONA |
| 9 (RLIN) |
1202 |
| Nombre de persona |
Franco, Antonio |
| 650 #0 - PUNTO DE ACCESO ADICIONAL DE MATERIA - TÉRMINO DE MATERIA |
| Término de materia o nombre geográfico como elemento inicial |
Espanya |
| 9 (RLIN) |
3703 |
| Subdivisión de materia general |
Història |
| Subdivisión cronológica |
1975-1982, Transició |
| 856 ## - LOCALIZACIÓN Y ACCESO ELECTRÓNICO |
| Nota pública |
Accés en línia |
| Identificador Uniforme del Recurso (URI) |
<a href="https://repositori.upf.edu/handle/10230/61287">https://repositori.upf.edu/handle/10230/61287</a> |
| 942 ## - ENTRADA DE ELEMENTOS AGREGADOS (KOHA) |
| Fuente de clasificaión o esquema |
|
| Koha [por defecto] tipo de item |
Recursos en línia |